000
00265nam a2200109 a 4500
008
110503s1992|||| d
245
1
0
_a
Pohybové recepty na aktívne zdravie
260
_b
Korekt
_a
Bratislava
_c
1992
020
_c
10
041
_a
slo
044
_a
xo
_c
SK
999
_c
19314
_d
19314